000 01279nam a2200337Ia 4500
001 ebr10167921
003 CaPaEBR
006 m u
007 cr cn|||||||||
008 040506s2004 ctu s 001 0deng d
010 _z 2004010799
020 _z0300104367 (cased)
040 _aCaPaEBR
_cCaPaEBR
035 _a(OCoLC)191953094
050 1 4 _aJC251.S8
_bN67 2004eb
082 0 4 _a320.092
_222
100 1 _aNorton, Anne.
245 1 0 _aLeo Strauss and the politics of American empire
_h[electronic resource] /
_cAnne Norton.
260 _aNew Haven, Conn. ;
_aLondon :
_bYale University Press,
_cc2004.
300 _axiv, 235 p.
500 _aIncludes index.
533 _aElectronic reproduction.
_bPalo Alto, Calif. :
_cebrary,
_d2009.
_nAvailable via World Wide Web.
_nAccess may be limited to ebrary affiliated libraries.
600 1 0 _aStrauss, Leo.
650 0 _aConservatism
_zUnited States.
650 0 _aPolitical science
_xHistory.
650 0 _aPolitical science
_xPhilosophy.
651 0 _aUnited States
_xIntellectual life
_y20th century.
655 7 _aElectronic books.
_2local
710 2 _aebrary, Inc.
856 4 0 _uhttp://site.ebrary.com/lib/rucke/Doc?id=10167921
_zAn electronic book accessible through the World Wide Web; click to view
999 _c137096
_d137096